000 00301nam a2200133Ia 4500
008 231129s1976||||xx |||||||||||||| ||spa||
040 _bspa
082 _aCo863.44 B517g
100 _aBernal C. Juan de Dios.
245 0 _aGuarango
260 _c1976
264 _aQuin-Graficas
942 _2ddc
_cBKS
999 _c14675
_d14675